000 01293nam0a22003131 4500
001 RU\INFOCOMM_322\NLR\5000165985
005 20250613110335.0
035 _a(NLR Aleph) 009558061
090 _a9050781
_c9050781
100 _a20130210d1989 |||y0rusy50 ca
101 0 _aeng
102 _aRU
105 _ay z |||||
200 1 _aLow temperature nuclear orientation of ²³⁸NpGd
_fE. Šimečová, M. Finger, J. John et al.
210 _aДубна
_cОбъед. ин-т ядер. исслед.
_d1989
215 _a6 с.
_cдиагр.
_d21 см
225 1 _aОбъединенный институт ядерных исследований, Дубна
_vЕ6-89-760
300 _aНа 3-й с. обл.: Низкотемпературная ядерная ориентация ²³⁸NpGd / Шимечкова Е. и др.
300 _aРез. на рус. яз.
320 _aБиблиогр.: с. 6
606 0 _aАтомное ядро
_xГамма-распад
_91045491
_3RU\NLR\AUTH\6685269
606 0 _aАтомное ядро
_xОриентация
_91044426
_3RU\NLR\AUTH\6684688
686 _aВ383.23
_2rubbk
701 1 _aŠimečová
_bE.
801 1 _aRU
_bInfocomm
_c20130210
801 0 _aRU
_bINFOCOMM
_gPSBO
852 _aNLR
_jФз01 Д-4/5754
942 _cBOOK
980 _aNB